Gaming Quiz

Random Gaming or James Bond Quiz

GoldenEye Maps Quiz Stats

 Plays Quiz Updated Feb 7, 2020

     
Support Sporcle.
Go Orange.
Score 0/20 Timer 04:00
0 Plays Today
Location Mission Name % Correct
ArkangelskDam
79.3%
ArkangelskFacility
78.9%
CubaJungle
69.4%
ArkangelskRunway
62.6%
St. PetersburgTrain
60.9%
KyrgyzstanSilo
56.3%
St. PetersburgStreets
54.6%
CubaCradle
53.5%
Teotihuaca'nAztec
52.4%
St. PetersburgArchives
51.9%
Location Mission Name % Correct
Monte CarloFrigate
49.3%
SevernayaBunker 1
48.3%
SevernayaBunker 2
47.2%
St. PetersburgStatue
45.6%
CubaCaverns
43.2%
CubaControl
42.3%
St. PetersburgDepot
41.8%
SevernayaSurface 1
39%
SevernayaSurface 2
37.8%
el-SaghiraEgyptian
34.6%

From the Vault

Three Letter 'G' Words

by Chenchilla

Gee, how many 'G' words can there possibly be?
Remove Ads.
Support Sporcle.
Get the best of Sporcle when you Go Orange. This ad-free experience offers more features, more stats, and more fun while also helping to support Sporcle. Thank you for becoming a member.

Show Comments

Extras

Top Quizzes Today


Score Distribution

Your Account Isn't Verified!

In order to create a playlist on Sporcle, you need to verify the email address you used during registration. Go to your Sporcle Settings to finish the process.

Report this User

Report this user for behavior that violates our Community Guidelines.

Details: